La caña de azúcar /

Guardado en:
Autor Principal: Tocagni, Héctor
Formato: Libro
Publicado: Buenos Aires : Albatros, 1981
Materias:
Etiquetas: Agregar Etiqueta
Sin Etiquetas, Sea el primero en etiquetar este registro!
LEADER 00469nam a22001695a 4500
001 CEM.cems016190
005 20100316171206.0
008 130507s1981##################000#0#####d
003 CEMS
082 0 4 |a 633.6 
100 1 |a Tocagni, Héctor 
245 1 0 |a La caña de azúcar /  |c Hector Tocagni, 
260 |a Buenos Aires :  |b Albatros,  |c 1981 
300 |a 148 p. 
653 |a Agricultura 
653 |a Caña de azucar 
859 |a CEMS  |b BIB. CEMS - Agricultura  |h 633.6  |i T561  |p A12228.83  |t Ej.1